[Event "Legion op 6th"]
[Site "Warsaw"]
[Date "1989.01.16"]
[Round "5"]
[White "Bozek, Adam"]
[Black "Kruza, Pawel"]
[Result "1-0"]
[WhiteElo "2375"]
[BlackElo "2250"]
[PlyCount "89"]
[EventDate "1989.01.12"]
[EventType "swiss"]
[EventRounds "11"]
[EventCountry "POL"]
[SourceTitle "EXT 1997"]
[Source "ChessBase"]
[SourceDate "1996.11.15"]
[SourceVersion "1"]
[SourceVersionDate "1996.11.15"]
[SourceQuality "1"]

1. e4 e5 2. Nf3 Nc6 3. Bb5 g6 4. c3 a6 5. Ba4 d6 6. d4 Bd7 7. 0-0 Bg7 8. d5 Nb8 9. Bxd7+ Nxd7 10. c4 Ngf6 11. Nc3 Nc5 12. Qe2 a5 13. Rb1 0-0 14. b3 h6 15. Ne1 Nfd7 16. Nd3 f5 17. Nxc5 Nxc5 18. f3 Qh4 19. Ba3 Na6 20. Bc1 Nc5 21. Qc2 Rf7 22. Be3 Bf8 23. a3 b6 24. b4 Nb7 25. g3 Qe7 26. Qd2 Kh7 27. f4 axb4 28. axb4 Bg7 29. exf5 gxf5 30. Ra1 Rxa1 31. Rxa1 Qf6 32. Nb5 Nd8 33. Ra7 c5 34. dxc6 Nxc6 35. Rxf7 Qxf7 36. Nxd6 Qd7 37. Bxb6 Nd4 38. Bxd4 exd4 39. c5 Qe6 40. Qd3 Qe1+ 41. Kg2 Qxb4 42. Nxf5 Qxc5 43. Qe4 Kh8 44. Qe8+ Kh7 45. Qf7 1-0

[Event "Legion op 6th"]
[Site "Warsaw"]
[Date "1989.01.13"]
[Round "2"]
[White "Kruza, Pawel"]
[Black "Suetin, Alexey S"]
[Result "1-0"]
[WhiteElo "2250"]
[BlackElo "2370"]
[PlyCount "101"]
[EventDate "1989.01.12"]
[EventType "swiss"]
[EventRounds "11"]
[EventCountry "POL"]
[SourceTitle "EXT 1997"]
[Source "ChessBase"]
[SourceDate "1996.11.15"]
[SourceVersion "1"]
[SourceVersionDate "1996.11.15"]
[SourceQuality "1"]

1. d4 Nf6 2. Nf3 e6 3. Bg5 c5 4. e3 d5 5. c3 Nbd7 6. Nbd2 Be7 7. Bd3 0-0 8. Ne5 Nxe5 9. dxe5 Nd7 10. Bf4 b6 11. Nf3 f5 12. h4 h6 13. Qe2 c4 14. Bc2 Nc5 15. b4 cxb3 16. axb3 Qc7 17. Kd2 Bd7 18. Rhc1 Rac8 19. h5 b5 20. Nd4 Qb6 21. g4 Ne4+ 22. Bxe4 fxe4 23. b4 Rc4 24. Qd1 Ra8 25. Qg1 Rf8 26. Ne2 Bg5 27. Bxg5 hxg5 28. Qh2 Be8 29. h6 Qc7 30. hxg7 Qxg7 31. Ra6 Rc6 32. Rca1 Rxa6 33. Rxa6 Qh7 34. Qxh7+ Kxh7 35. Rxe6 Bg6 36. Ke1 Ra8 37. Rd6 a5 38. bxa5 Rxa5 39. Rxd5 Bf7 40. Rd2 Kg6 41. Rd6+ Kg7 42. Ng3 Ra1+ 43. Rd1 Rxd1+ 44. Kxd1 Bd5 45. Nf5+ Kf7 46. Nd4 Bc4 47. Kc1 Bf1 48. Kb2 Ke7 49. Ka3 Kd7 50. Kb4 Bd3 51. Kc5 1-0

[Event "Warsaw op"]
[Site "Warsaw"]
[Date "1989.??.??"]
[Round "?"]
[White "Kruza, Pawel"]
[Black "Kostyra, Stanislaw"]
[Result "1-0"]
[WhiteElo "2250"]
[BlackElo "2335"]
[PlyCount "73"]
[EventDate "1989.04.??"]
[EventType "swiss"]
[EventRounds "9"]
[EventCountry "POL"]
[SourceTitle "EXT 1997"]
[Source "ChessBase"]
[SourceDate "1996.11.15"]
[SourceVersion "1"]
[SourceVersionDate "1996.11.15"]
[SourceQuality "1"]

1. e4 e5 2. Nf3 Nc6 3. Bc4 Bc5 4. b4 Bxb4 5. c3 Ba5 6. d4 d6 7. 0-0 Nf6 8. dxe5 Nxe5 9. Nxe5 dxe5 10. Qb3 0-0 11. Ba3 Nxe4 12. Bxf8 Qxf8 13. Qb5 Bb6 14. Qxe5 Nd6 15. Bd3 Be6 16. Nd2 Re8 17. Qf4 g6 18. Nb3 Qg7 19. Nd4 Bd5 20. Rae1 Rxe1 21. Rxe1 Bxa2 22. Re2 Bd5 23. h4 h6 24. Re7 a5 25. Rd7 h5 26. Rd8+ Kh7 27. Qg5 Be4 28. Bxe4 Nxe4 29. Qe3 c5 30. Rd7 Nf6 31. Ne6 Ng4 32. Qf4 Ne5 33. Re7 Nd3 34. Ng5+ Kh6 35. Nxf7+ Kh7 36. Ng5+ Kh6 37. Rxg7 1-0